Reforma zdravotníctva, proces hľadania optimálneho rozsahu, dostupnosti, kvality a ceny zdravotnej starostlivosti diplomová práca

Salvato in:
Dettagli Bibliografici
Autore principale: Bilková, Elena
Ente Autore: Národohospodárska fakulta EU. Katedra sociálneho rozvoja a práce
Altri autori: Stanek, Vojtech
Natura: Libro
Lingua:slovacco
Pubblicazione: Bratislava 2008
Tags: Aggiungi Tag
Nessun Tag, puoi essere il primo ad aggiungerne!!

MARC

LEADER 00000nam$a2200000$$$4500
001 0078303
005 20240201120229.2
041 0 |a slo 
044 |a SK 
245 1 0 |a Reforma zdravotníctva, proces hľadania optimálneho rozsahu, dostupnosti, kvality a ceny zdravotnej starostlivosti  |b diplomová práca  |c Elena Bilková ; škol. Vojtech Stanek 
264 1 |a Bratislava  |c 2008 
300 |a 66 s. 
100 1 |a Bilková, Elena 
700 1 |a Stanek, Vojtech 
710 2 |a Národohospodárska fakulta EU. Katedra sociálneho rozvoja a práce